O lugar e o tributo

Bibliographic Details
Main Author: Galvô De Britto, Lucas
Format: eBook
Language:Portuguese
Published: San Pablo: Editora Noeses, 2014
Subjects:
Online Access:Acceso restringido

MARC

LEADER 00000nam a22000007a 4500
005 2022061003013.0
007 cr|||| ||||
008 220610s2014 br |||||s|||| 00||0 por d
020 |a 9000000053243 
035 |a 36410 
040 |a vLex 
090 |c 13402  |d 13402 
100 1 |a Galvô De Britto, Lucas 
245 1 1 |a O lugar e o tributo  |h [Recurso electrn̤ico] /  |c Lucas Galvô De Britto 
256 |a Servicio en ln̕ea 
260 |a San Pablo:  |b Editora Noeses,  |c 2014 
300 |a 1 recurso electrn̤ico 
500 |a Ensaio sobre competn̊cia e definiȯ̂ do critřio espacial na regra-matriz de incidn̊cia tributr̀ia. 
506 1 |a Disponible solo en los productos indicados  |d vLex Global  |d vLex Global (Academic Edition, excluding Law Schools)  |d vLex Global (U.S. Academic Edition, Law Schools)  |d vLex Global (U.S. Academic Edition, excluding Law Schools)  |d vLex Global (Academic Edition, Law Schools) 
650 0 4 |a Derecho Tributario  |z Brasil 
740 0 |a vLex Libros (Servicio en ln̕ea) 
856 4 0 |u https://app.vlex.com/#/sources/36410  |z Acceso restringido 
942 |c BOOK 
999 0 |a Tax Law